000 00952naa a2200265 c 4500
001 46378
003 ES-MaCES
005 20150929124736.0
008 000000s2009 sp ||||| t||||||| ||spa d
040 _aES-MaCES
_bspa
_cES-MaCES
_dES-MaCES
100 1 _924262
_aSolow, Robert M.
245 1 0 _aCómo entender el desastre
_cRobert M. Solow
600 1 4 _921276
_aPosner, Richard A.
650 4 _926781
_aeconomía
650 4 _927123
_asistema económico
650 4 _927102
_acrisis económica
650 4 _927122
_adoctrina económica
650 4 _927116
_acapitalismo
650 4 _928373
_aEstados Unidos
653 1 0 _aEconomía
650 4 _930761
_asector financiero
773 0 _945643
_dMadrid (Gran Vía, 32, 2ª planta, 28013) Promotora General de Revistas [PROGRESA]
_o074302
_tClaves de razón práctica
_w(ES-MaCES)25251
_gn. 193 (jun. 2009) {10237 R. 074302} ;p. 48-53
902 _aART Artículo de revista
942 _2CES
_cAR
_h0.0.
999 _c46378
_d46378